00285nam a2200109Ia 4500008004100000020001800041082001500059100002900074245005300103260001000156500000900166260604s9999 xx 000 0 und d a9781250124364 a823.92 MCL aHenry Holt & Company Inc 0aKey of Skeleton Peak: Legends Of The Lost Causes bSHREE aPeak